Introducción a la fisiología y manipulación poscosecha de frutas, hortalizas y plantas ornamentales

Saved in:
Bibliografiske detaljer
Main Authors: Wills, Ron (Author), McGlasson, Barry (Author), Graham, Doug (Author), Joyce, Daryl (Author)
Format: Bog
Sprog:spansk
Udgivet: Zaragoza Acribia 1999
Udgivelse:2a. ed
Fag:
Tags: Tilføj Tag
Ingen Tags, Vær først til at tagge denne postø!

MARC

LEADER 00000cam a2200000 a 4500
001 UCI5233
003 CL-VaPUC
005 20241107115905.0
008 080314e19990000SP |||||||||||||||||spa|d
999 |c 328996  |d 328994 
020 |a 8420008923 
040 |c Pontificia Universidad Católica de Valparaíso 
082 0 4 |a 634.046  |b WIL  |2 21 
100 0 |a Wills, Ron  |e author  |9 527425 
245 1 0 |a Introducción a la fisiología y manipulación poscosecha de frutas, hortalizas y plantas ornamentales 
250 |a 2a. ed 
260 |a Zaragoza  |b Acribia  |c 1999 
300 |a 240 p 
583 |a last modification  |c 20170105 11:30:04  |k Rodrigo Vera 
650 0 |a Fisiología vegetal  |2 CL-VaPUC  |9 260158 
650 0 |a Manejo poscosecha   |9 881378  |x Frutales   |x Hortalizas   |x Ornamentales 
650 0 |a Producción agrícola  |9 353481 
650 0 |a Glosario botánico  |9 893353 
700 0 |a McGlasson, Barry  |e author  |9 527426 
700 0 |a Graham, Doug  |e author  |9 527427 
700 0 |a Joyce, Daryl  |e author  |9 527428 
942 |c BK  |2 ddc 
945 |d 20080314 00:00:00  |a jtorresc 
952 |0 0  |1 0  |4 0  |6 634_046000000000000_WIL_1999  |7 0  |8 A  |9 413233  |a BIBAGR  |b BIBAGR  |d 2019-11-22  |i 4415000  |o 634.046 WIL 1999  |p 4415000  |r 2025-01-20  |w 2019-11-22  |y BK  |k AGR 
952 |0 0  |1 0  |3 erb  |4 0  |6 634_046000000000000_WIL_1999  |7 0  |8 A  |9 413234  |a BIBAGR  |b BIBAGR  |i 5147301  |o 634.046 WIL 1999  |p 5147301  |r 2025-01-20  |w 2019-11-22  |y BK  |z Catalogado en:20150430  |k AGR 
952 |0 0  |1 0  |3 erb  |4 0  |6 634_046000000000000_WIL_1999  |7 0  |8 A  |9 413235  |a BIBAGR  |b BIBAGR  |i 5193850  |o 634.046 WIL 1999  |p 5193850  |r 2025-01-20  |w 2019-11-22  |y BK  |z Catalogado en:20150813  |k AGR 
952 |0 0  |1 0  |3 erb  |4 0  |6 634_046000000000000_WIL_1999  |7 0  |8 A  |9 413236  |a BIBAGR  |b BIBAGR  |i 5193869  |l 2  |o 634.046 WIL 1999  |p 5193869  |r 2025-01-20  |s 2024-05-20  |w 2019-11-22  |y BK  |z Catalogado en:20150813  |k AGR